000 00512nam a2200193Ia 4500
001 14263
003 GE_BSU
008 181216s||||||||xx |||||||||||||| ||und||
040 _cGE_BSU
080 _a646/649
245 4 _aThe Complete Encyclopedia of Diy and Home maintenance
245 _cEdited by by JULIAN WORTHINGTON.
260 _aLondon
260 _bBook club Associates
260 _c1984
300 _a240p.ill.29cm.
653 _aThe Complete Encyclopedia of Diy and Home maintenance
942 _cBK
999 _c47401
_d47401